书目信息 |
| 题名: |
谈写作
|
|
| 作者: | 萧殷 著 | |
| 分册: | ||
| 出版信息: | 长沙 湖南人民出版社 1980 |
|
| 页数: | 260页 | |
| 开本: | 21cm | |
| 丛书名: | ||
| 单 册: | ||
| 中图分类: | I04 , H15 | |
| 科图分类: | ||
| 主题词: | 写作学-文学创作 , 文学创作-写作学 , 汉语--写作 , 汉语--修辞 | |
| 电子资源: | ||
| ISBN: | ||
| 000 | 00641nam0 2200265 450 | |
| 001 | 1571716070 | |
| 005 | 20150120195542.31 | |
| 010 | @dCNY0.76 | |
| 091 | @a10109.1275 | |
| 100 | @a19950525d1980 em y0chiy0110 ea | |
| 101 | 0 | @achi |
| 102 | @aCN@b430000 | |
| 105 | @ay z 000zy | |
| 200 | 1 | @a谈写作@9tan xie zuo@f萧殷著 |
| 210 | @a长沙@c湖南人民出版社@d1980 | |
| 215 | @a260页@d21cm | |
| 606 | 0 | @a写作学-文学创作 |
| 606 | 0 | @a文学创作-写作学 |
| 606 | 0 | @a汉语@x写作 |
| 606 | 0 | @a汉语@x修辞 |
| 690 | @aI04@v5 | |
| 690 | @aH15@v4 | |
| 701 | 0 | @a萧殷@9xiao yin@4著 |
| 801 | 0 | @aCN@bTSSF@c20150120 |
| 905 | @aZUCC@dH15@eJY65 | |
| 谈写作/萧殷著.-长沙:湖南人民出版社,1980 |
| 260页;21cm |
| ISBN :CNY0.76 |
| ● |
| 相关链接 |
|
|
|
|
正题名:谈写作
索取号:H15/JY65
 
预约/预借
| 序号 | 登录号 | 条形码 | 馆藏地/架位号 | 状态 | 备注 |
| 1 | 7850327 | 278503273 | 学院路分馆/ [索取号:H15/JY65] | 在馆 | |
| 2 | 7850328 | 278503282 | 学院路分馆/ [索取号:H15/JY65] | 在馆 |